| 000 | 00781nam a2200205 i 4500 | ||
|---|---|---|---|
| 001 | 130882 | ||
| 003 | ES-MaACL | ||
| 005 | 20230906193852.0 | ||
| 007 | t| | ||
| 008 | 070810s1956 sp ||||1| spa d | ||
| 100 | 1 |
_aZeuner, Frederick E. _9118211 |
|
| 245 | 1 | 0 |
_aGeocronología _b: la datación del pasado. Una introducción a la cronología prehistórica / _cFrederick E. Zeuner ; versión española de José Manuel Gómez-Tabanera ; prólogo de Martín Almagro Basch. |
| 260 |
_aBarcelona : _bOmega, _c[1956] |
||
| 300 |
_aXXVIII, 524 p. : _bil. ; _c23 cm. |
||
| 650 | 1 | 4 |
_aGeocronología. _913067 |
| 700 | 0 |
_aGómez-Tabanera, José Manuel, _d1926-2011 _958165 |
|
| 700 | 1 |
_aAlmagro Basch, Martín. _920073 |
|
| 852 |
_aES-MaACL _jC-12164 _bR.40187 |
||
| 999 |
_c130882 _d130882 |
||